| 000 | 00645nab a2200157Ia 4500 | ||
|---|---|---|---|
| 003 | ES-SlBCS | ||
| 005 | 20210601133739.0 | ||
| 008 | 140529s2006 xxu||||| |||| 00| 0 por d | ||
| 041 | _apor | ||
| 100 | 1 |
_aLoureiro, Maria Dulcinea da Silva _9209161 |
|
| 245 | 0 | 0 |
_aOs editoriais da revista Educaçao & Filosofia da Universidade Federal de Uberlândia: uma primeira analise _c Maria Dulcinea da Silva Loureiro, André Marcio Picanço Favacho |
| 630 | 0 | 4 |
_aRevista Educaçao e Filosofia _9209162 |
| 700 | 1 |
_aPicanço Favacho, André Marcio _9209163 |
|
| 773 | 0 |
_tEducaçao e Filosofia _gvol. 20, nº. 40, 2006, págs. 111-136 _wRev1534 |
|
| 942 | _cAR | ||
| 999 |
_c601480 _d601480 |
||